000 00333nam a2200145Ia 4500
008 230718s9999 xx 000 0 und d
041 _aEng.
082 _a320
_bCUR-N
100 _aCurtis, Richard
245 0 _aNon-Resident Trisi
260 _aPakistan
_bSweel and Maxwell
_c2000
300 _a378
650 _aLaw
999 _c26382
_d26382